Statistics for China's Territorial Disputes

Click here to take the quiz!

General Stats

  • This quiz has been taken 12,324 times
  • The average score is 7 of 9

Answer Stats

Country % Correct
India
90%
Japan
90%
Taiwan
89%
Vietnam
87%
Philippines
75%
Indonesia
71%
Malaysia
66%
Bhutan
61%
Brunei
38%

Score Distribution

Percentile by Number Answered

Percent of People with Each Score

Your Score History

You have not taken this quiz